[Event "Rheinhausen-ch 19th"]
[Site "Duisburg Rheinhausen"]
[Date "2015.02.05"]
[Round "3"]
[White "Buhren, Wolfgang"]
[Black "Wiemann, Niklas"]
[Result "0-1"]
[WhiteElo "1434"]
[BlackElo "1650"]
[PlyCount "94"]
[EventDate "2015.01.09"]
[EventType "swiss"]
[EventRounds "7"]
[EventCountry "GER"]
[SourceTitle "EXT 2018"]
[Source "ChessBase"]
[SourceDate "2017.10.13"]
[SourceVersion "1"]
[SourceVersionDate "2017.10.13"]
[SourceQuality "1"]

1. d4 e6 2. Nf3 b6 3. Bf4 Bb7 4. e3 Nf6 5. Bd3 c5 6. c3 Nc6 7. Nbd2 Be7 8. h3 cxd4 9. exd4 Nh5 10. Bh2 Bg5 11. Ne4 Bf4 12. g3 Bc7 13. Qe2 Nf6 14. 0-0-0 Nxe4 15. Bxe4 f5 16. Bxf5 Qf6 17. g4 Bxh2 18. Rxh2 0-0 19. Be4 d5 20. Nd2 dxe4 21. Qxe4 Rac8 22. Kb1 Na5 23. Qe3 Nc4 24. Nxc4 Rxc4 25. Re1 Rcc8 26. Qxe6+ Qxe6 27. Rxe6 Rce8 28. Rxe8 Rxe8 29. f4 Re3 30. Kc1 Rf3 31. f5 Rg3 32. Rf2 Rxh3 33. Kd2 Rg3 34. f6 g6 35. c4 Rxg4 36. Kc3 Kf7 37. d5 h5 38. d6 Bc6 39. b4 g5 40. b5 Bd7 41. a4 Be6 42. Rd2 Rxc4+ 43. Kb3 Rd4+ 44. Kc3 Rxd2 45. Kxd2 h4 46. Ke3 h3 47. Kf2 Kxf6 0-1

[Event "GER-chT North U14"]
[Site "Magdeburg"]
[Date "2013.09.13"]
[Round "4.3"]
[White "Wiemann, Niklas"]
[Black "Herdzik, Mathias"]
[Result "0-1"]
[WhiteElo "1435"]
[BlackElo "1562"]
[PlyCount "84"]
[EventDate "2013.09.12"]
[EventType "team-swiss"]
[EventRounds "7"]
[EventCountry "GER"]
[SourceTitle "EXT 2014"]
[Source "ChessBase"]
[SourceDate "2013.11.20"]
[SourceVersion "1"]
[SourceVersionDate "2013.11.20"]
[SourceQuality "1"]
[WhiteTeam "Kiel Doppelbauer"]
[BlackTeam "Bremen Nord"]
[WhiteTeamCountry "GER"]
[BlackTeamCountry "GER"]

1. d4 Nf6 2. Nf3 g6 3. c4 Bg7 4. Nc3 d6 5. Bf4 Nbd7 6. e3 c6 7. Qb3 Nh5 8. Bg3 0-0 9. d5 Nc5 10. Qc2 a5 11. Nd4 Qb6 12. Be2 Nxg3 13. hxg3 Na6 14. Nb3 Nb4 15. Qd1 a4 16. Nd4 Bxd4 17. exd4 Qxd4 18. Qxd4 Nc2+ 19. Kd2 Nxd4 20. dxc6 bxc6 21. Bd1 a3 22. b3 c5 23. Nd5 e6 24. Ne3 Bb7 25. Bc2 Rfd8 26. Rh6 f5 27. Rah1 Rd7 28. g4 f4 29. Bxg6 fxe3+ 30. fxe3 hxg6 31. Rh8+ Kf7 32. R8h7+ Ke8 33. Rh8+ Ke7 34. R1h7+ Kf6 35. Rxd7 Rxh8 36. Rxb7 Nc6 37. Rb6 Nb4 38. Rxd6 Ra8 39. g5+ Ke5 40. Rd7 Nxa2 41. Rc7 Ra5 42. Rg7 Kf5 0-1

[Event "GER-chT North U14"]
[Site "Magdeburg"]
[Date "2013.09.12"]
[Round "1.3"]
[White "Wiemann, Niklas"]
[Black "Rosenthal, Moritz"]
[Result "1-0"]
[WhiteElo "1435"]
[BlackElo "1095"]
[PlyCount "45"]
[EventDate "2013.09.12"]
[EventType "team-swiss"]
[EventRounds "7"]
[EventCountry "GER"]
[SourceTitle "EXT 2014"]
[Source "ChessBase"]
[SourceDate "2013.11.20"]
[SourceVersion "1"]
[SourceVersionDate "2013.11.20"]
[SourceQuality "1"]
[WhiteTeam "Kiel Doppelbauer"]
[BlackTeam "Werder Bremen"]
[WhiteTeamCountry "GER"]
[BlackTeamCountry "GER"]

1. d4 d5 2. Nf3 Nc6 3. c4 e6 4. Bf4 Nf6 5. Nc3 Bd6 6. Bxd6 cxd6 7. cxd5 Nxd5 8. e4 Nxc3 9. bxc3 0-0 10. Bb5 a6 11. Bxc6 bxc6 12. Qd3 a5 13. e5 d5 14. h4 f6 15. h5 Ba6 16. Qe3 Rb8 17. exf6 Qxf6 18. Rh3 Rb2 19. Nd2 Qf4 20. Qxe6+ Qf7 21. Re3 Kh8 22. Qxf7 Rxf7 23. Re8+ 1-0

[Event "Kiel Cup U20"]
[Site "Kiel"]
[Date "2012.10.06"]
[Round "6"]
[White "Gutschenreiter, Dorian"]
[Black "Wiemann, Niklas"]
[Result "1/2-1/2"]
[WhiteElo "1559"]
[BlackElo "1470"]
[PlyCount "60"]
[EventDate "2012.10.??"]
[EventType "swiss"]
[EventRounds "7"]
[EventCountry "GER"]
[SourceTitle "EXT 2015"]
[Source "ChessBase"]
[SourceDate "2014.11.20"]
[SourceVersion "1"]
[SourceVersionDate "2014.11.20"]
[SourceQuality "1"]

1. e4 e6 2. d4 d5 3. Nd2 c5 4. exd5 Qxd5 5. dxc5 Bxc5 6. Ngf3 Nf6 7. Bd3 0-0 8. 0-0 b6 9. b3 Bb7 10. Bb2 Nbd7 11. Nc4 Qh5 12. Be2 Qd5 13. Qxd5 Bxd5 14. Nfe5 Nxe5 15. Nxe5 Rfd8 16. Rad1 Be4 17. Bd3 Bxd3 18. Nxd3 Be7 19. Ne5 Rxd1 20. Rxd1 Rc8 21. c4 Bc5 22. Kf1 Kf8 23. Nd7+ Nxd7 24. Rxd7 a5 25. Ke2 Ke8 26. Rd3 g6 27. Rh3 h5 28. Rd3 Rd8 29. Rxd8+ Kxd8 30. f3 Ke7 1/2-1/2

[Event "Kiel Cup U20"]
[Site "Kiel"]
[Date "2012.10.05"]
[Round "5"]
[White "Wanner, Lukas"]
[Black "Wiemann, Niklas"]
[Result "1-0"]
[WhiteElo "1751"]
[BlackElo "1470"]
[PlyCount "101"]
[EventDate "2012.10.??"]
[EventType "swiss"]
[EventRounds "7"]
[EventCountry "GER"]
[SourceTitle "EXT 2015"]
[Source "ChessBase"]
[SourceDate "2014.11.20"]
[SourceVersion "1"]
[SourceVersionDate "2014.11.20"]
[SourceQuality "1"]

1. e4 e6 2. d4 d5 3. Nd2 c5 4. exd5 Qxd5 5. Ngf3 cxd4 6. Bc4 Qd8 7. 0-0 Nc6 8. Nb3 Nf6 9. Nbxd4 Nxd4 10. Nxd4 Bc5 11. Nb3 Qc7 12. Bb5+ Bd7 13. Bxd7+ Nxd7 14. Qg4 Bf8 15. Nd4 Nf6 16. Qf3 Bc5 17. Be3 Nd5 18. Qg4 Nxe3 19. fxe3 0-0 20. c3 Qb6 21. b4 Bxd4 22. Qxd4 Qxd4 23. exd4 Rfc8 24. Rac1 Rc4 25. Rc2 Rac8 26. Rfc1 b5 27. Kf2 f5 28. Ke3 Kf7 29. Kd3 Rd8 30. Re1 Kf6 31. Re5 Rd5 32. Rce2 Rc6 33. a4 a6 34. axb5 axb5 35. Rxd5 exd5 36. Re8 Rb6 37. Kd2 Ra6 38. Rb8 Ra2+ 39. Ke3 Rxg2 40. Rxb5 Rxh2 41. Rxd5 Rh3+ 42. Kd2 Rh2+ 43. Kd3 Rh3+ 44. Kd2 f4 45. b5 f3 46. c4 g5 47. b6 g4 48. b7 Rh2+ 49. Kc3 Rh3 50. b8Q f2+ 51. Kb4 1-0